Poľnohospodárstvo a trvalo udržateľný rozvoj

Príspevok definuje pojmový rámec TUR, konfrontuje názory a stanoviská. Zaoberá sa analýzou environmentálnych dopadov transformácie, legislatívnych a inštitucionálnych nástrojov, politík a poľnohospodárskych systémov. Hodnotí kompatibilitu nástrojov a politík so Stratégiou štátnej environmentálnej po...

Descrizione completa

Salvato in:
Dettagli Bibliografici
Autore principale: Stehlo, Pavol
Altri autori: Buday, Štefan, Kováč, Karol
Natura: Capitolo di libro
Lingua:slovacco
Soggetti:
Tags: Aggiungi Tag
Nessun Tag, puoi essere il primo ad aggiungerne!!

MARC

LEADER 00000naa$a2200000$$$4500
001 0020416
005 20231018084634.8
041 0 |a slo 
044 |a SK 
245 1 0 |a Poľnohospodárstvo a trvalo udržateľný rozvoj  |c Pavol Stehlo, Štefan Buday, Karol Kováč 
520 |a Príspevok definuje pojmový rámec TUR, konfrontuje názory a stanoviská. Zaoberá sa analýzou environmentálnych dopadov transformácie, legislatívnych a inštitucionálnych nástrojov, politík a poľnohospodárskych systémov. Hodnotí kompatibilitu nástrojov a politík so Stratégiou štátnej environmentálnej politiky a Národnou stratégiou TUR SR. Charakterizuje základné dimenzie TUR, vzájomné vzťahy medzi poľnohospodárstvom a životným prostredím. Problémom zostáva hodnotenie trvalej udržateľnosti poľnohospodárstva, najmä z časového hľadiska. 
610 2 0 |a poľnohospodárstvo 
610 2 0 |a transformácia 
610 2 0 |a rozvoj trvalo udržateľný 
610 2 0 |a využitie zdrojov prírodných 
610 2 0 |a diverzita biologická 
610 2 0 |a legislatíva 
100 1 |a Stehlo, Pavol 
700 1 |a Buday, Štefan 
700 1 |a Kováč, Karol